Ръководство по всеобщата история (Запис номер 375058)
[ съкратено ]
| 000 -Лидер | |
|---|---|
| Контролно поле с фиксирана дължина | nam a22 c 4500 |
| 003 - Код на организацията, давaща контролен номер | |
| Контролно поле | BLK |
| 005 - Дата и час на последна редакция | |
| Контролно поле | 20201020152525.0 |
| 008 - Елементи от данни с фиксирана дължина | |
| fixed length control field | 200316b bul|||||r ||||||| ||bul|| |
| 010 ## - Наследен системен номер | |
| LC control number | KNG00208212RET |
| 040 ## - Източник на каталожния запис | |
| Идентификатор на билиотеката - собственик на записа | BLK |
| 041 ## - Код за език | |
| Код за езика на текст/звукозапис или на отделно заглавие | Български |
| Код за езика КДБФ | Български |
| 080 ## - УДК | |
| Текстов определител УДК | Стара и антична история |
| УДК код - определител по УДК | 931 |
| УДК - код + определител | 931 |
| 139 ## - Редно поле | |
| Редна дума | Ръководство по всеобщата история |
| 245 10 - Сведения за заглавието | |
| Заглавие | Ръководство по всеобщата история |
| Подзаглавни данни | Древнята история в 2 ч. |
| Редно поле (дума) | състав. Райчо Михов Каролев. |
| Том | Ч. 1 |
| -- | Ч. 2 |
| Заглавие на том | Историята на древните източни народи; Историята на Гърция и Македония ; Историята на римляните. |
| 257 ## - Страна на издаване | |
| Страна на създаване/издаване | България |
| 260 ## - Област на издателските данни | |
| Място на издаване, разпространение и проч. | Русе |
| Година на издаване | 1882 |
| Печатница | Русе : Н. К. Жейнов |
| 300 ## - Физическа характеристика | |
| Размери/Мащаб | 25 см |
| 380 ## - Жанр | |
| Жанр | История |
| 490 ## - СЕРИИ (Колекции) | |
| 9 (RLIN) | 435080 |
| Име на серия | Колекция Редки и ценни издания |
| 500 ## - Общи забележки | |
| Забележка | Двете части са подвързани в едно тяло. |
| 505 ## - Форматирана забележка | |
| Авторската отговорност | Смирнов, Капитон Иванович |
| Заглавие | Кратко учебно земеописание : Ч. 2., 3. изд. Пловдив ; София ; Русчук : Книж. Хр. Г. Данов, 1881. 148 с.: с ил. |
| 650 #0 - Допълнително описание по предмет – тема | |
| 9 (RLIN) | 244549 |
| Основно описание – тема или топоним | Древна Гърция - история |
| 650 #0 - Допълнително описание по предмет – тема | |
| 9 (RLIN) | 251210 |
| Основно описание – тема или топоним | История - Древен Рим |
| 653 #7 - Ключова дума – ненормативна | |
| Ключова дума | стара история |
| 9 (RLIN) | 197300 |
| 700 1# - Други автори (авторска отговорност) | |
| Лично име | Каролев, Райчо Михов |
| Автороска отговорност (Описва отношението между автора и произведението) | състав. |
| 9 (RLIN) | 418340 |
| 760 1# - Описание на основната серия | |
| Страници - том | 65 с. |
| Заглавие | Ч. 1 Историята на древните източни народи |
| 760 1# - Описание на основната серия | |
| Страници - том | 204 с. |
| Заглавие | Ч. 2: Историята на Гърция и Македония ; Историята на римляните. |
| 852 ## - Местоположение | |
| Форматна сигнатура | Рб 882 |
| Фондова буква | Редки и ценни |
| 856 4# - Електронен адрес и достъп | |
| Електронен формат | pdf - файл |
| Път до файла /url/ | |
| 856 4# - Електронен адрес и достъп | |
| Електронен формат | pdf - файл |
| Път до файла /url/ | |
| 999 ## - СИСТЕМНИ КОНТРОЛНИ НОМЕРА | |
| Koha biblionumber | 375058 |
| Koha biblioitemnumber | 375058 |
| 942 ## - АРТИКУЛИ | |
| Вид на библиотечния материал | Книги |
| Скрит в OPAC | Не |
| Периодичен библиозапис | Да |
| 944 ## - СЪЗДАВАНЕ И РЕДАКЦИЯ на ЗАПИСА | |
| Създаване/Редакция | Редакция |
| Дата на регистрацията/редакция | 2020-07-15 |
| 999 ## - СИСТЕМНИ КОНТРОЛНИ НОМЕРА | |
| Koha biblioitemnumber | 375058 |
| 999 ## - СИСТЕМНИ КОНТРОЛНИ НОМЕРА | |
| Koha biblioitemnumber | 375058 |
| 999 ## - СИСТЕМНИ КОНТРОЛНИ НОМЕРА | |
| Koha biblioitemnumber | 375058 |
| 999 ## - СИСТЕМНИ КОНТРОЛНИ НОМЕРА | |
| Koha biblioitemnumber | 375058 |
| 999 ## - СИСТЕМНИ КОНТРОЛНИ НОМЕРА | |
| Koha biblioitemnumber | 548620 |
| Код за отписване | Код за изгубен артикул | Източник на класификационната схема | Код за повреда | Коз за рестрикции | Код за отдаване | Артикулен № | Име на библиотеката - собственик | Име на библиотеката, в която се намира в момента | Статус (Текущо местоположение) | Дата на вписване в системата | Местоположение - отдел | Цена в лева | Инвентарен номер | Систематично азбучна сигнатура | Баркод | Цена в евро | Служебен тип на артикула |
|---|---|---|---|---|---|---|---|---|---|---|---|---|---|---|---|---|---|
| Не е изгубен | Universal Decimal Classification | Не е повреден | само за читалня | Специални фондове ( старопечатни, редки и ценни, фонд М. Арнаудов) | 784561 | Регионална библиотека "Любен Каравелов" Русе | Регионална библиотека "Любен Каравелов" Русе | Редки и ценни | 2020-07-17 | Редки и ценни | 0.01 | 526451 | Рб 882 | 120000526451 | 0.01 | Книги |